The story of philosophy: The Lives and Opinions of the Greater Philosophers

Gardado en:
Detalles Bibliográficos
Autor Principal: Durant, Will
Formato: Libro
Idioma:Spanish
Publicado: New York, Estados Unidos The Pocket Books 1954
Materias:
Etiquetas: Engadir etiqueta
Sen Etiquetas, Sexa o primeiro en etiquetar este rexistro!

MARC

LEADER 00000nam a2200000Ia 4500
008 170316s9999 xx 000 0 spa d
040 |a cru BVZT 
090 |a H-100 D-2st 
100 |a Durant, Will  |9 2409 
245 4 |a The story of philosophy: The Lives and Opinions of the Greater Philosophers 
260 |a New York, Estados Unidos 
260 |b The Pocket Books 
260 |c 1954 
300 |a 544 páginas 
650 |a FILOSOFÍA  |9 5 
650 0 |a EN IDIOMA INGLÉS  |9 129 
650 |a HISTORIA DE LA FILOSOFÍA  |9 826 
942 |c LIB  |h H-100 D-2st  |2 z  |6 H100_D2ST 
999 |c 28901  |d 28901